Movies Quiz

Random Movies or Toys Quiz

Toy Story Toys Quiz Stats

 Plays Quiz not verified by Sporcle

Challenge
Share
Tweet
Embed
Score 0/21 Timer 03:00
1 Play Today
Clue Name % Correct
Andy's Favourite ToyWoody
98.9%
'To Infinity and Beyond!'Buzz Lightyear
98.7%
He May Have Missing PartsMr Potato Head
91.2%
She Lost Her SheepBo Peep
91%
Buzz Teaches Him How To ROAR!Rex
87.6%
Piggy BankHamm
78.1%
He's Good at DrawingEtch
67.5%
Woody's RoundupJessie
65.4%
Molly's Christmas PresentMrs Potato Head
62.1%
Broken PenguinWheezy
59.9%
Woody's RoundupBullseye
56.3%
Clue Name % Correct
Metal DachshundSlinky Dog
52.5%
Green CommanderSarge
48%
'ooooo, the claw!'Squeeze Toy Aliens
46%
Pushes Buzz out of the WindowRC
39.4%
BinocularsLenny
35.3%
'what to do if you or part of you is swallowed'Mr Spell
19%
Tape RecorderMike
18.3%
Fortune TellerMagic 8 Ball
15.3%
WrestlerRocky
13.3%
Squeaky Rubber ToyMr Shark
9.9%

You're not logged in!

Compare scores with friends on all Sporcle quizzes.
Join for Free
OR
Log In

You Might Also Like...

Show Comments

Extras

Created Sep 25, 2009ReportNominate
Tags:Toys Quiz, andy, owned, story, Toy Story, voiced

Top Quizzes Today


Score Distribution

Your Account Isn't Verified!

In order to create a playlist on Sporcle, you need to verify the email address you used during registration. Go to your Sporcle Settings to finish the process.

Report this User

Report this user for behavior that violates our Community Guidelines.

Details: